000 00415nab a2200145Ia 4500
003 ES-SlBCS
005 20210601124940.0
008 140529s1974 xxu||||| |||| 00| 0 eng d
041 _aeng
100 1 _aJones, Hardy
_9151809
245 0 4 _aThe Rationale of Moral Education
_c Hardy Jones
650 0 4 _aEducación Moral
_996357
773 0 _tMonist, the
_gvol. 58, nº. 4, 1974, págs. 659-673
_wRev1667
942 _cAR
999 _c522205
_d522205